| 000 | 01006cam a2200289 a 4500 | ||
|---|---|---|---|
| 001 | 000014970 | ||
| 005 | 20200929163931.0 | ||
| 008 | 010923s1999 pe a 010 0 spa | ||
| 010 | _a2001459322 | ||
| 020 | _z9972450808 | ||
| 035 | _a(PE-LiEIC)00000714 | ||
| 040 |
_aDO-SdBNP _cDLC _dDLC |
||
| 082 |
_a302.2 _bF935h |
||
| 245 | 0 | 0 |
_aFronteras de la semiótica : _bhomenaje a Desiderio Blanco / _ceditor, Óscar Quezada Macchiavello . |
| 260 |
_aLima : _bUniversidad de Lima : _bFondo de Cultura Economica Perú, _c1999. |
||
| 300 |
_a484 p. : _bil. ; _c23 cm. |
||
| 490 | 1 | _aBiblioteca Universidad de Lima | |
| 504 | _aIncluye notas y referencia al pie de páginas. | ||
| 504 | _aIncluye datos biográficos | ||
| 650 | 4 |
_aSemiótica _94668 |
|
| 650 | 4 |
_aTeoría del conocimiento _913 |
|
| 700 | 1 |
_aQuezada Macchiavello, Óscar. _eed. _933894 |
|
| 700 | 1 |
_aBlanco, Desiderio. _933895 |
|
| 830 | 0 |
_aBiblioteca Universidad de Lima _933896 |
|
| 910 | _aCatalogación por copia / LC | ||
| 049 | _aBNGR | ||
| 999 |
_c14545 _d14545 |
||